[Event "CZE-ch U10 Girls"]
[Site "Kouty nad Desnou"]
[Date "2014.03.11"]
[Round "4"]
[White "Habinova, Alice"]
[Black "Muzikarova, Magdalena"]
[Result "1-0"]
[WhiteElo "1100"]
[BlackElo "1000"]
[PlyCount "21"]
[EventDate "2014.03.08"]
[EventType "swiss"]
[EventRounds "9"]
[EventCountry "CZE"]
[SourceTitle "EXT 2015"]
[Source "ChessBase"]
[SourceDate "2014.11.20"]
[SourceVersion "1"]
[SourceVersionDate "2014.11.20"]
[SourceQuality "1"]

1. e4 Nf6 2. Nc3 e5 3. Nf3 Nc6 4. d4 Bb4 5. dxe5 Nxe4 6. Bd2 0-0 7. Nxe4 Bxd2+ 8. Qxd2 d5 9. Neg5 Qe8 10. Qd3 Nxe5 11. Qxh7# 1-0